| 000 | 01120nam a2200289 4500 | ||
|---|---|---|---|
| 001 | 0000019094 | ||
| 003 | CO-CtgCURN | ||
| 005 | 20250329190958.0 | ||
| 007 | ta | ||
| 008 | 160627s2001 000 0 eng d | ||
| 020 | _a9681848497 | ||
| 040 |
_aCO-CtgCURN _bspa _ccoctgcurn |
||
| 082 | 0 |
_a625.7 _bC73v |
|
| 100 | 1 | _aCrespo Villalaz, Carlos. | |
| 245 | 1 | 0 |
_aVias de comunicación : _bcaminos, ferrocarriles, aeropuertos, puentes y puertos / _cCarlos Crespo Villalaz. |
| 250 | _a3a ed. | ||
| 260 |
_aMexico : _bLimusa, _c2001. |
||
| 300 | _a713 p. | ||
| 336 | _2rdacontent | ||
| 337 |
_2rdamedia _asin mediacion _bn |
||
| 338 |
_2rdacarrier _avolumen _bnc |
||
| 505 | 8 | _aEtapas de una carretera.--Asfaltos.--Los materiales petreos para carpetas asfalticas.--Contenido de cemento asfaltico para carpetas.--Pavimentos de concreto hidraulico.--Construcción maquinaria.--Procedimientos de construcción.--Señalamiento de los caminos.--Puertos | |
| 650 | 1 | 4 | _aRutas comerciales. |
| 908 | _a160627 | ||
| 942 |
_cBK _h625.7 _iC73v _2ddc |
||
| 999 |
_c10101 _d10101 |
||